| 000 | 00385nam a2200145Ia 4500 | ||
|---|---|---|---|
| 008 | 151213s9999 xx 000 0 und d | ||
| 100 | _aA.N.Dwivedi | ||
| 245 |
_aT.S.Eliot , Four Quarters _cA.N.Dwivedi |
||
| 260 |
_aNew Delhi _bPrakash Book Depat. _c2000 |
||
| 300 | _a7083 p. | ||
| 650 | _aEnglish Literature | ||
| 650 | _aEnglish Literature | ||
| 700 | _aA.N.Dwivedi | ||
| 999 |
_c3751 _d3751 |
||